MARC details
| 000 -CABECERA |
| campo de control de longitud fija |
01939nam a2200313 a 4500 |
| 001 - NÚMERO DE CONTROL |
| campo de control |
000000658 |
| 005 - FECHA Y HORA DE LA ÚLTIMA TRANSACCIÓN |
| campo de control |
20250415150128.0 |
| 008 - DATOS DE LONGITUD FIJA--INFORMACIÓN GENERAL |
| campo de control de longitud fija |
090331s2004 dr a 000 0 spa d |
| 020 ## - NÚMERO INTERNACIONAL ESTÁNDAR DEL LIBRO |
| Número Internacional Estándar del Libro |
9993495832 |
| 020 ## - NÚMERO INTERNACIONAL ESTÁNDAR DEL LIBRO |
| Número Internacional Estándar del Libro |
9789993495833 |
| 040 ## - FUENTE DE LA CATALOGACIÓN |
| Centro catalogador/agencia de origen |
DO-SdBNP |
| Lengua de catalogación |
spa |
| Centro/agencia transcriptor |
BNPHU |
| 082 ## - NÚMERO DE LA CLASIFICACIÓN DECIMAL DEWEY |
| Número de clasificación |
306.81 |
| Número de documento/Ítem |
P376s, 2004 |
| 100 1# - ENTRADA PRINCIPAL--NOMBRE DE PERSONA |
| Nombre de persona |
Peguero Colón, Samuel |
| 9 (RLIN) |
2205 |
| 245 10 - MENCIÓN DE TÍTULO |
| Título |
Secretos para ponerle chispa a su matrimonio / |
| Mención de responsabilidad, etc. |
Samuel Peguero Colón. |
| 250 ## - MENCIÓN DE EDICIÓN |
| Mención de edición |
2a ed. |
| 260 ## - PUBLICACIÓN, DISTRIBUCIÓN, ETC. |
| Lugar de publicación, distribución, etc. |
Santo Domingo : |
| Nombre del editor, distribuidor, etc. |
Dahiana, |
| Fecha de publicación, distribución, etc. |
2004. |
| 300 ## - DESCRIPCIÓN FÍSICA |
| Extensión |
v. : |
| Otras características físicas |
il. ; |
| Dimensiones |
20 cm. |
| 490 1# - MENCIÓN DE SERIE |
| Mención de serie |
Tesoros de enriquecimiento familiar ; |
| Designación de volumen o secuencia |
3 |
| 500 ## - NOTA GENERAL |
| Nota general |
La biblioteca posee solamente el v.1 |
| 505 0# - NOTA DE CONTENIDO CON FORMATO |
| Título |
Equipo de asesoría técnica -- |
| -- |
Dedicatoria -- |
| -- |
Prólogo -- |
| Información miscelánea |
Sección 1. |
| Título |
Condición de género hombre/mujer: dramáticas realidades -- |
| -- |
La mujer. ¿Reina o esclava? -- |
| Información miscelánea |
Sección 2. |
| Título |
La comunicación conyugal -- |
| -- |
En busca de una comunicación positiva -- |
| Información miscelánea |
Sección 3. |
| Título |
La pareja y las finanzas -- |
| -- |
Como administrar las finanzas del hogar -- |
| -- |
Evitando y enfrentando crisis financiera -- |
| Información miscelánea |
Sección 4. |
| Título |
La pareja y el sexo -- |
| -- |
Haciendo del acto sexual un evento más interesante -- |
| -- |
Ajuste y disfrute sexual en diversas circunstancias -- |
| Información miscelánea |
Sección 5. |
| Título |
La pareja crisis y oportunidades -- |
| -- |
Manifestación y origen del conflicto -- |
| -- |
¿Cómo influye el orden de nacimiento en la conducta? -- |
| -- |
Otros factores exógenos -- |
| -- |
Cómo pelear con provecho -- |
| Información miscelánea |
Sección 6. |
| Título |
Pongale chispa a su matrimonio -- |
| -- |
Secretos para ponerle chispa a tu matrimonio -- |
| -- |
Secretos para ponerle chispa a su matrimonio -- |
| -- |
Otras obras del autor. |
| 590 ## - NOTA LOCAL (RLIN) |
| Nota local |
La biblioteca posee un ejemplar autografiado por el autor |
| 590 ## - NOTA LOCAL (RLIN) |
| Nota local |
Inventariado,2018/DG |
| 650 #0 - PUNTO DE ACCESO ADICIONAL DE MATERIA--TÉRMINO DE MATERIA |
| Término de materia o nombre geográfico como elemento de entrada |
Matrimonio |
| 9 (RLIN) |
797 |
| 650 #0 - PUNTO DE ACCESO ADICIONAL DE MATERIA--TÉRMINO DE MATERIA |
| Término de materia o nombre geográfico como elemento de entrada |
Parejas |
| 9 (RLIN) |
2206 |
| 650 #4 - PUNTO DE ACCESO ADICIONAL DE MATERIA--TÉRMINO DE MATERIA |
| Término de materia o nombre geográfico como elemento de entrada |
Sexo en el matrimonio |
| 9 (RLIN) |
804 |
| 650 #4 - PUNTO DE ACCESO ADICIONAL DE MATERIA--TÉRMINO DE MATERIA |
| Término de materia o nombre geográfico como elemento de entrada |
Relaciones de familia |
| 9 (RLIN) |
2207 |
| 830 #0 - PUNTO DE ACCESO ADICIONAL DE SERIE-TÍTULO UNIFORME |
| Título uniforme |
Tesoros de enriquecimiento familiar ; |
| Número de parte o sección de la obra |
3 |
| 9 (RLIN) |
2208 |
| 910 ## - DATOS DE OPCIÓN DEL USUARIO (OCLC) |
| Datos de opción del usuario |
Validado. Control de calidad MFF |